000 01108cam a22003135i 4500
999 _c28254
_d28225
001 19071335
003 EG-ScBUE
005 20200308094443.0
008 160429t20162016mau f b 001 0 eng d
020 _a9780262529624 (pbk. : alk. paper)
040 _aDLC
_beng
_erda
_cDLC
_dDLC
_dEG-ScBUE
043 _an-us-ma
082 0 4 _a005.133
_bGUT
_222
100 1 _aGuttag, John,
_eauthor.
245 1 0 _aIntroduction to computation and programming using Python :
_bwith application to understanding data /
_cJohn V. Guttag.
250 _aSecond edition.
264 1 _aCambridge, Massachusetts ;
_aLondon, England :
_bThe Massachusetts Institute of Technology Press,
_c[2016]
264 4 _cc2016
300 _axv, 447 pages ;
_c23 cm
336 _atext
_btxt
_2rdacontent
337 _aunmediated
_bn
_2rdamedia
338 _avolume
_bnc
_2rdacarrier
504 _aIncludes bibliographical references and index.
650 7 _aPython (Computer program language)
_vTextbooks.
650 7 _aComputer programming
_vTextbooks.
653 _bCOMSCI
_cMarch2020
655 _vReading book
_934232
942 _2ddc
_cBB